Broučci pro malé i veliké děti

Bibliographic Details
Main Author: Karafiát, Jan, 1846-1929 (Author)
Format: Book
Language:Czech
PhysicalDescription:131 s.
Published: Praha Dědictví Komenského [1935]
Edition:8. vyd.

MARC

LEADER 00000nam a2200000 a 4500
001 vtls001460083
003 SK-MaSNL
005 20260301073326.0
008 240313s1935 xr 01 cze
035 |a SNK000415390 
040 |a SNK  |b slo  |c SNK  |e AACR2 
041 |a cze 
100 1 |a Karafiát, Jan,  |d 1846-1929  |4 aut  |9 101566 
245 1 0 |a Broučci pro malé i veliké děti  |c [Karafiát], [Jan] 
250 |a 8. vyd. 
260 |a Praha  |b Dědictví Komenského  |c [1935] 
300 |a 131 s. 
999 |c 643856  |d 645786 
952 |t P60, <04>, [BOOK], {604}  |a SNK  |b SNK  |y VYP  |7 0  |p 17A0397468  |o snkIB 218  |i snk1854/35  |0 0  |1 0  |4 0  |d 2003-09-17  |l 0  |r 2005-01-02 00:00:00  |w 2026-02-23